Statistics for Coronavirus Rhapsody Lyrics

Click here to take the quiz!

General Stats

  • This quiz has been taken 38 times
  • The average score is 34 of 50

Answer Stats

Answer% Correct
Caught in a lockdown, no e{scape} from reality
94%
Didn't mean to make them d{ie}
91%
Don't touch your e{yes}
91%
Is this j{ust} allergies?
91%
I walked by him, now he's d{ead}
91%
Mama, just killed a m{an}
91%
Mama, life was so m{uch} fun
91%
Carry on, c{arry} on, as if people didn't matter
89%
If I'm not back to work this t{ime} tomorrow
89%
I look out the w{indow}
89%
Is this a sore t{hroat}?
89%
Too late, my time has c{ome}
89%
Gotta leave you all b{ehind} and face the truth
86%
I d{on't} wanna die
86%
I'm just a poor b{oy} facing mortality
86%
Stay home, stay s{afe}
86%
Sends shivers down my s{pine}
86%
Will you w{ash} your hands?
86%
I see a l{ittle} silhouette of a man
83%
Touch your f{ace}, wash your hands
83%
Washed your h{ands}, laying low
83%
We w{ill} not wash our hands
83%
What a douche! What a d{ouche}!
83%
B{ody}'s aching all the time
80%
Goodbye eveybody, I've got the f{lu}
80%
Security is tightening, very very f{rightening} me
80%
Curving can get flatter, you'll s{ee}
74%
I didn't stay inside my b{ed}
74%
I sometimes wish I never w{ent} out at all
74%
Never, never, never, never any m{ore}
71%
He's just a poor boy facing m{ortality}
69%
Flatten the c{urve}
66%
Just gotta stay h{ome}
66%
Oh mamma mia, mamma m{ia}
66%
Spare him this life from t{his} monstrosity
66%
Mama, o{ooh} (I look out the window)
63%
Gotta lay low, masturbate. Don't go to w{ork}
54%
So you think we can h{ang} out and not break our plans?
54%
Covid-19 has a sickness put a{side} for me, for me
49%
Curving can get f{latter}, anyone can see
49%
Just hand s{anitise} quickly
49%
C{urving} can get flatter
46%
The curve doesn't l{ook} flatter to me
40%
Did he ever wash his hands t{hough}?
34%
I'm just a poor boy, no job s{ecurity}
34%
Just look out your w{indows}
31%
So you think you can s{top} me and just shake my hand?
23%
But now I've caught this unforgiving p{lague}
20%
Because of easy s{pread}, even though
14%
Just gotta stay home with my f{ever}
3%

Score Distribution

Percentile by Number Answered

Percent of People with Each Score

Your Score History

You have not taken this quiz